Statystyki dla Czy rozpoznasz postacie Marvela?

Kliknij tutaj aby rozwiązać quiz!

Ogólne statystyki

  • Ten quiz został rozwiązany 154 razy
    (139 od ostatniego zresetowania)
  • Średni wynik to 17 z 184

Statystyki odpowiedzi

HintOdpowiedź% Poprawnych
Kapitan AmerykaSteve Rogers
83%
Spider ManPeter Parker
80%
Iron ManTony stark
62%
HulkBruce Banner
50%
Black WidowNatasha Romanoff
45%
Kapitan Ameryka | Winter SoldierBucky Barnes
43%
Falcon | Kapitan AmerykaSam Wilson
43%
Ant ManScott Lang
43%
Hawkeye | RoninClint Barton
41%
Scarlett WitchWanda Maximoff
39%
Kapitan MarvelCarol Danvers
37%
ThorThor Odinson
34%
Spider GwenGwen Stacy
31%
Black PantherT'Chala
31%
Spider ManMiles Morales
29%
Star LordPeter Quill
29%
QuicksilverPietro Maximoff
26%
VenomEddie Brock
24%
HawkeyeKate Bishop
24%
Green Goblin | Iron PatriotNorman Osborn
24%
Black WidowYelena Belova
24%
DeadpoolWade Wilson
22%
Green GoblinHarry Osborn
21%
DaredevilMatt Murdock
20%
Ant Man | Giant Man | YellowjacketHank Pym
19%
Black PantherShuri
19%
Professor XCharles Xavier
18%
Doctor StrangeSteven Strange
18%
Black PantherT'Chaka
17%
Mister FantasticReed Richards
16%
ThorJane Foster
14%
KingpinWilson Fisk
14%
War MachineJames Rhodes
13%
Ms MarvelKamala Khan
13%
MysterioQuentin Beck
13%
Invisible WomenSusan Storm
13%
Doctor DoomVictor von Doom
13%
WaspHope Van Dyne
12%
Moon KnightMarc Spector
12%
US AgentJohn Walker
11%
Ghost RiderJohny Blaze
11%
Black Panther | KillmongerErik Killmonger
9%
Cosmic Ghost Rider | PunisherFrank Castle
9%
RescuePepper Potts
9%
Scarlett Spider | Spider ManBen Reilly
8%
PhoenixJean Grey
8%
Human TorchJohny Storm
8%
Spider Man 2099Miguel O'Hara
8%
CyclopsScott Summers
8%
HulkAmadeus Cho
7%
Ms AmericaAmerica Chavez
7%
StatureCassie Lang
7%
WaspJanet Van Dyne
7%
She HulkJennifer Walters
7%
Spider GirlMay Parker
7%
VultureAdrian Toomes
6%
Agent VenomFlash Thompson
6%
NightcrawlerKurt Wagner
5%
IronheartRiri Williams
5%
MorbiusMichael Morbius
4%
MystiqueRaven Darkholme
4%
NovaRichard Rider
4%
Ghost RiderRobbie Reyes
4%
HavokAlexander Summers
3%
Red GuardianAlexei Shostakov
3%
ThingBen Grimm
3%
Kapitan BrytaniaBrian Braddock
3%
CrossbonesBrock Rumlow
3%
CarnageCletus Kasady
3%
Iron FistDaniel Rand
3%
Ghost RiderDanny Ketch
3%
Kapitan Brytania | PsylockeElizabeth Braddock
3%
AbominationEmil Blonsky
3%
GweenpoolGwendolyn Poole
3%
BeastHenry McCoy
3%
MagikIllyana Rasputin
3%
WolverineJames Howlett
3%
Spider WomanJessica Drew
3%
Weapon Hex | X-23Laura Kinney
3%
PolarisLorna Dane
3%
Kapitan MarvelMar-Vell
3%
MagnetoMax Eisenhardt
3%
Black WidowMelina Vostokoff
3%
CableNathan Summers
3%
Doctor Octopus | Spider ManOcto Octavius
3%
ColossusPiotr Rasputin
3%
Red HulkThaddeus Ross
3%
TaskmasterAnthony Masters
2%
MockingbirdBarbara Morse
2%
QuakeDaisy Johnson
2%
ElektraElektra Natchios
2%
Red She HulkElizabeth Ross
2%
PowerhouseFranklin Richards
2%
Kapitan AmerykaIsaiah Bradley
2%
JubileeJubilation Lee
2%
ScorpionMac Gargan
2%
PhotonMaria Rambeu
2%
NamorNamor McKenzie
2%
StormOroro Munroe
2%
GambitRemy LeBeau
2%
IcemanRobert Drake
2%
NovaSamuel Alexander
2%
SabertoothVictor Creed
2%
ArchangelWarren Worthington
2%
DazzlerAlison Blaire
1%
RougeAnna LeBeau
1%
White TigerAva Ayala
1%
QuasarAvril Kincaid
1%
WiccanBilly Kaplan
1%
Black BoltBlackagar Boltagon
1%
JuggernautCain Marko
1%
MimicCalvin Rankin
1%
Madame WebCassandra Webb
1%
FantomexCharlie Cluster
1%
DarkhawkChris Powell
1%
HellstromDaimon Hellstrom
1%
Black KnightDane Whitman
1%
YellowjacketDarren Cross
1%
Squirrel GirlDoreen Green
1%
White QuennEmma Frost
1%
BladeEric Brooks
1%
Ant ManEric O'Gready
1%
VulcanGabriel Summers
1%
Kapitan Marvel | PhotonGenis-Vell
1%
TigraGreer Grant
1%
MoondragonHeather Douglas
1%
White TigerHector Ayala
1%
WarpathJames Proudstar
1%
American EagleJason Strongbow
1%
NorthstarJean-Paul Beaubier
1%
Doctor VoodooJericho Drumm
1%
FalconJoaquín Torres
1%
ElixirJoshua Foley
1%
Madame WebJulia Carpenter
1%
Kitty PrydeKatherine Pryde
1%
BishopLucas Bishop
1%
HyperionMarcus Milton
1%
EchoMaya Lopez
1%
MedusaMedusalith Boltagon
1%
SongbirdMelissa Gold
1%
SpectrumMonica Rembau
1%
Iron LadNathaniel Richards
1%
DominoNeena Thurman
1%
Kapitan Marvel | Marvel BoyNoh-Varr
1%
Kapitan Marvel | QuasarPhyla-Vell
1%
Kid OmegaQuintavius Quire
1%
YellowjacketRita DeMara
1%
SunspotRoberto da Costa
1%
SentryRobert Reynolds
1%
ApocalypseSabah Nur
1%
CanonballSamuel Guthrie
1%
SatanaSatana Hellstrom
1%
BansheeSean Cassidy
1%
Wonder ManSimon Williams
1%
DaggerTandy Bowen
1%
HulklingTheodore Altman
1%
SpeedTommy Shepherd
1%
CloakTyrone Johnson
1%
Justice | Marvel BoyVance Astrovik
1%
AnoleVictor Borkowski
1%
QuasarWendell Vaughn
1%
GoliathWilliam Foster
1%
White TigerAngela Del Toro
0%
ProdigyDavid Alleyne
0%
LegionDavid Haller
0%
Ricochet
Johnathon Gallo
0%
Marvel BoyRobert Greyson
0%
SunfireShiro Yoshida
0%

Rozkład punktacji

Percentyl według liczby udzielonych odpowiedzi

Procent ludzi z każdym wynikiem

Twoja historia wyników

Nie rozwiązałeś tego quizu od ostatniego zresetowania